000 00676nam a2200205Ii 4500
003 JO-AjNU
008 230605s9999||||xx |||||||||||||| ||und||
040 _aJO-AjNU
_bara
_erda
_cJO-AjNU
041 _aara
050 1 4 _aBP191.A2834 1990
100 3 _aأبو حلتم، نبيل خليل,
_eauthor
_917824
245 0 0 _aالفرق الإسلامية فكرا وشعرا
250 _aط1
264 3 1 _aبيروت: دار الثقافة، 1990
300 _a349ص
_bالمصادر والمراجع ص 335-348
336 _atext
_btxt
_2rdacontent
337 _aunmediated
_bn
_2rdamedia
338 _avolume
_bnc
_2rdacarrier
650 4 _aالفرق الاسلامية
_917825
999 _aA5587
_c9155
_d9155